00689 2200265 4500001002100000005001500021035002000036007000300056008004100059020002200100082001100122084001700133100002300150245005300173260002900226300003800255500001400293500001100307650002600318504003100344990001200375990001200387990001200399990001200411INLIS00000000000540720200224032751 a0010-0220000125ta200224 g 0 ind  a978-602-0946-90-0 a610.73 a610.73 AST t0 aASTUTI, Ardi Putri1 aTrend dan Issue Keperawatan /cAstuti Ardi Putri aBogor :bIn Media,c2016 aviii, 334 hlm. :bilus. ;c21 cm. aGlosarium aIndeks 4aPERAWAT DAN PERAWATAN aBibliografi : hlm. 321-322 a17064 A a17064 B a17064 C a17064 D